[Event "Winter of Istanbul"]
[Site "SchemingMind.com"]
[Date "2011.08.03"]
[Round "-"]
[White "Olli Ylönen"]
[Black "Orhany24"]
[Result "1-0"]
[WhiteCountry "FIN"]
[BlackCountry "TUR"]
[WhiteElo "1778"]
[WhiteRD "48"]
[BlackElo "1715"]
[BlackRD "61"]
[GameID "289888"]

1. e4 e5 2. Nf3 Nc6 3. Bb5 a6 4. Bxc6 dxc6 5. O-O Qd6 6. Na3 f5 7. Nc4 Qd8 8. Ncxe5 Be6 9. exf5 Bxf5 10. Re1 Be7
11. d4 Nf6 12. Bg5 O-O 13. c3 h6 14. Bxf6 Bxf6 15. Qb3+ Kh7 16. Qxb7 Rb8 17. Qxc6 Rb6 18. Qc4 Rxb2 19. Qxa6 Rb6 20. Qa5 Qd6
21. Nc4
1-0

[Event "Winter of Istanbul"]
[Site "SchemingMind.com"]
[Date "2011.08.02"]
[Round "-"]
[White "Orhany24"]
[Black "Olli Ylönen"]
[Result "0-1"]
[WhiteCountry "TUR"]
[BlackCountry "FIN"]
[WhiteElo "1715"]
[WhiteRD "61"]
[BlackElo "1778"]
[BlackRD "48"]
[GameID "289889"]

1. e4 e5 2. Nf3 Nc6 3. Bc4 Bc5 4. c3 Nf6 5. d4 exd4 6. cxd4 Bb4+ 7. Bd2 Bxd2+ 8. Nbxd2 d5 9. exd5 Nxd5 10. Qe2+ Be6
11. O-O O-O 12. Rfe1 Re8 13. Qd1 Nf4 14. Bxe6 Rxe6 15. Rxe6 Nxe6 16. a3 Ncxd4 17. Nxd4 Qxd4 18. Qc2 Rd8 19. Nf3 Qd3
0-1

[Event "Winter of Istanbul"]
[Site "SchemingMind.com"]
[Date "2011.08.01"]
[Round "-"]
[White "otsenrechess"]
[Black "Orhany24"]
[Result "1-0"]
[WhiteCountry "HUN"]
[BlackCountry "TUR"]
[WhiteElo "2301"]
[WhiteRD "51"]
[BlackElo "1673"]
[BlackRD "71"]
[GameID "289927"]

1. e4 e5 2. Nf3 Nc6 3. Bb5 a6 4. Ba4 Nf6 5. O-O b5 6. Bb3 Be7 7. Re1 d6 8. c3 O-O 9. h3 Na5 10. Bc2 c5
11. d4 Qc7 12. Nbd2 h6 13. Nf1 Nh7 14. Ne3 Ng5 15. Nd5 Qd8 16. Bxg5 Bxg5 17. dxe5 dxe5 18. Nxe5 Bb7 19. Nd7 Rc8 20. Nxf8 Qxf8
21. Qg4 Nc4 22. f4 Bd8 23. a4 b4 24. b3 Nd6 25. e5 Bxd5 26. exd6 Be6 27. Rxe6
1-0

[Event "Winter of Istanbul"]
[Site "SchemingMind.com"]
[Date "2011.08.02"]
[Round "-"]
[White "otsenrechess"]
[Black "Olli Ylönen"]
[Result "1-0"]
[WhiteCountry "HUN"]
[BlackCountry "FIN"]
[WhiteElo "2147"]
[WhiteRD "45"]
[BlackElo "1778"]
[BlackRD "48"]
[GameID "289928"]

1. Nf3 Nf6 2. c4 c5 3. Nc3 Nc6 4. g3 g6 5. Bg2 Bg7 6. O-O O-O 7. d4 cxd4 8. Nxd4 Nxd4 9. Qxd4 d6 10. Qd3 a6
11. Bd2 Rb8 12. c5 Bf5 13. e4 dxc5 14. Qxd8 Rbxd8 15. Bg5 Bc8 16. e5 Ng4 17. Bxe7 Bxe5 18. h3 Nh6 19. Rfe1 Bxc3 20. bxc3 Rd3
21. Bxf8 Kxf8 22. Rad1 Rxd1 23. Rxd1 Be6 24. Bxb7 Bxa2 25. Bxa6 Ng8 26. Bb7 Nf6 27. Rd6 Ne8 28. Rd2 Be6 29. Kg2 Ke7 30. Bd5 Bxd5+
31. Rxd5 c4 32. Re5+ Kd7 33. Kf3 Nd6 34. Ke3 Kc6 35. Kd4 f6 36. Re6 Kd7 37. Rxf6
1-0

[Event "Winter of Istanbul"]
[Site "SchemingMind.com"]
[Date "2011.08.02"]
[Round "-"]
[White "Orhany24"]
[Black "otsenrechess"]
[Result "0-1"]
[WhiteCountry "TUR"]
[BlackCountry "HUN"]
[WhiteElo "1673"]
[WhiteRD "71"]
[BlackElo "2301"]
[BlackRD "51"]
[GameID "289929"]

1. d4 d5 2. c4 c6 3. Nc3 Nf6 4. cxd5 cxd5 5. Nf3 Nc6 6. Bf4 Bf5 7. a3 e6 8. e3 Bd6 9. Bg3 O-O 10. Bd3 Ne4
11. Bxd6 Nxc3 12. bxc3 Qxd6 13. O-O Bxd3 14. Qxd3 Rac8 15. Rfc1 Na5 16. Nd2 f6 17. c4 Qa6 18. Rc2 Nxc4 19. Nxc4 Rxc4 20. Rac1 Rfc8
21. Rxc4 Rxc4 22. Rxc4 dxc4 23. Qc3 Qb5
0-1

[Event "Winter of Istanbul"]
[Site "SchemingMind.com"]
[Date "2011.08.02"]
[Round "-"]
[White "Olli Ylönen"]
[Black "otsenrechess"]
[Result "0-1"]
[WhiteCountry "FIN"]
[BlackCountry "HUN"]
[WhiteElo "1759"]
[WhiteRD "55"]
[BlackElo "2301"]
[BlackRD "51"]
[GameID "289930"]

1. Nf3 Nf6 2. c4 e6 3. g3 d5 4. d4 Be7 5. Bg2 O-O 6. O-O dxc4 7. Qc2 a6 8. Qxc4 b5 9. Qc2 Bb7 10. Bd2 Be4
11. Qc1 Bb7 12. Bf4 Nd5 13. Nc3 Nxf4 14. Qxf4 Qd6 15. Ne5 Bxg2 16. Kxg2 c5 17. dxc5 Qxc5 18. Rfd1 g5 19. Qe4 Ra7 20. Rac1 f5
21. Na4 Qxc1
0-1

[Event "Winter of Istanbul"]
[Site "SchemingMind.com"]
[Date "2011.08.03"]
[Round "-"]
[White "jtrochez1"]
[Black "Orhany24"]
[Result "0-1"]
[WhiteCountry "HON"]
[BlackCountry "TUR"]
[WhiteElo "1606"]
[WhiteRD "54"]
[BlackElo "1715"]
[BlackRD "61"]
[GameID "290013"]

1. e4 e5 2. Nf3 Nc6 3. d4 exd4 4. Nxd4 Nf6 5. Nxc6 bxc6 6. Bd3 d5 7. e5 Ng8 8. O-O Bc5 9. Be3 Bb6 10. Bxb6 cxb6
11. Re1 Ne7 12. Nd2 O-O 13. c3 Be6 14. Qc2 Ng6 15. Bxg6 fxg6 16. Nf1 Qg5 17. Ng3 h5 18. Re3 h4 19. Nf1 Rf4 20. h3 Raf8
21. Re2 Bxh3 22. Ne3 Rf3 23. Rf1 Rxe3 24. fxe3 Bf5 25. Qd2 Be4 26. Rxf8+ Kxf8 27. Rf2+ Kg8 28. e6 h3 29. Kh2 hxg2 30. Rxg2 Qxg2+
31. Qxg2 Bxg2 32. Kxg2 Kf8 33. Kf3 Ke7 34. Kf4 Kxe6 35. b4 Kf6 36. a4 g5+ 37. Kg4 g6 38. Kf3 Kf5 39. Kg3 Ke4
0-1

[Event "Winter of Istanbul"]
[Site "SchemingMind.com"]
[Date "2011.08.02"]
[Round "-"]
[White "jtrochez1"]
[Black "Olli Ylönen"]
[Result "1/2-1/2"]
[WhiteCountry "HON"]
[BlackCountry "FIN"]
[WhiteElo "1619"]
[WhiteRD "51"]
[BlackElo "1692"]
[BlackRD "51"]
[GameID "290014"]

1. e4 c6 2. d4 d5 3. e5 c5 4. c3 Nc6 5. Bb5 Qb6 6. Bxc6+ bxc6 7. b3 e6 8. Be3 Ba6 9. Ne2 cxd4 10. cxd4 Bb4+
11. Nd2 Ne7 12. O-O Nf5 13. Nf3 Nxe3 14. fxe3 Bxe2 15. Qxe2 c5 16. Rfd1 O-O 17. dxc5 Bxc5 18. Nd4 Qc7 19. Nf3 Qb6 20. Nd4 Qc7
21. Nf3 Qb6 22. Nd4 Qc7=
1/2-1/2

[Event "Winter of Istanbul"]
[Site "SchemingMind.com"]
[Date "2011.08.03"]
[Round "-"]
[White "jtrochez1"]
[Black "otsenrechess"]
[Result "0-1"]
[WhiteCountry "HON"]
[BlackCountry "HUN"]
[WhiteElo "1592"]
[WhiteRD "49"]
[BlackElo "2315"]
[BlackRD "53"]
[GameID "290015"]

1. e4 d5 2. exd5 Qxd5 3. Nc3 Qa5 4. Nf3 Nf6 5. h3 Nc6 6. Bb5 Bd7 7. Bxc6 Bxc6 8. O-O e6 9. d3 Bd6 10. a3 h6
11. Bd2 Qf5 12. Qe2 Bxf3 13. Qxf3 Qxf3 14. gxf3 O-O-O 15. Ne4 Be5 16. Rab1 Nd5 17. Bc3 Bxc3 18. Nxc3 Nxc3 19. bxc3 Rd5 20. c4 Ra5
21. Rb3 h5 22. Kh2 Rf5 23. d4 c5 24. Rg1 g6 25. dxc5 Rxc5 26. Rgb1 b6 27. Rb4 Rd8 28. a4 Rd4 29. a5 Rxa5 30. c5 Rxb4
31. Rxb4 Rxc5 32. Rb2 Kb7 33. h4 a5 34. Kg3 a4 35. f4 b5 36. Ra2 Kb6 37. Kf3 Ka5 38. Ke4 b4 39. Kd4 Kb5 40. Rxa4 Rd5+
0-1

[Event "Winter of Istanbul"]
[Site "SchemingMind.com"]
[Date "2011.08.03"]
[Round "-"]
[White "Orhany24"]
[Black "jtrochez1"]
[Result "1-0"]
[WhiteCountry "TUR"]
[BlackCountry "HON"]
[WhiteElo "1715"]
[WhiteRD "61"]
[BlackElo "1606"]
[BlackRD "54"]
[GameID "290016"]

1. e4 e5 2. Nf3 Nc6 3. Bc4 h6 4. c3 d6 5. h3 Be7 6. d4 exd4 7. cxd4 a6 8. O-O Nf6 9. Nc3 O-O 10. Re1 Nh7
11. a3 Re8 12. b4 Bd7 13. Bb2 Bf6 14. Nd5 b5 15. Bb3 Ne7 16. Rc1 Nxd5 17. Bxd5 c6 18. Bxc6 Bxc6 19. Rxc6 Qe7 20. e5 Qd7
21. Rxd6 Qc7 22. Qb3 Bd8 23. Rc1 Be7 24. Rxc7
1-0

[Event "Winter of Istanbul"]
[Site "SchemingMind.com"]
[Date "2011.08.02"]
[Round "-"]
[White "Olli Ylönen"]
[Black "jtrochez1"]
[Result "1/2-1/2"]
[WhiteCountry "FIN"]
[BlackCountry "HON"]
[WhiteElo "1778"]
[WhiteRD "48"]
[BlackElo "1606"]
[BlackRD "54"]
[GameID "290017"]

1. d4 d5 2. c4 e6 3. Nc3 Bb4 4. Nf3 Bxc3+ 5. bxc3 c6 6. e3 Nf6 7. Bd3 Qe7 8. cxd5 exd5 9. Qa4 Nbd7 10. Ba3 Qd8
11. O-O h6 12. c4 Nb6 13. Qb4 a5 14. Qb3 Qc7 15. Rac1 Be6 16. c5 Nbd7 17. Rfe1 Ne4 18. Ne5 Nxe5 19. dxe5 O-O 20. Qb6 Rfc8
21. Qxc7 Rxc7 22. Bb2 a4 23. a3 f5 24. f3 Ng5 25. h4 Nf7 26. e4 f4 27. exd5 cxd5 28. Bd4 h5 29. Bg6 Nh6 30. Bxh5 Ra6
31. Bg6 Nf5 32. Bxf5 Bxf5 33. Kf2 Rcc6 34. g3 fxg3+ 35. Kxg3 Rg6+ 36. Kf4 Bd3 37. Ke3 Bc4 38. Rb1 Bb3 39. Rg1 Rae6 40. h5 Rxg1
41. Rxg1 Kf7 42. Rg6 Bc2 43. Rxe6 Kxe6 44. Kd2 Bb3 45. Kc3 Bd1 46. Kb4 Bxf3 47. Kxa4 Bxh5 48. Kb5 Be8+ 49. Kb6 Bc6 50. a4 g5
51. a5 Kd7 52. a6 bxa6 53. Kxa6 Ke6 54. Kb6 Bd7 55. c6 Bc8 56. Kc7 Ba6 57. Kb8 Ke7 58. Kc7 g4 59. Kb6 Bc8 60. Kc7 Be6
61. Kb7 Bf5 62. c7 g3 63. Bc5+ Ke8 64. c8=Q+ Bxc8+ 65. Kxc8 d4 66. Bxd4 Ke7 67. Kc7 Ke6 68. Kc6= g2 69. Kc5 g1=Q 70. Bxg1 Kxe5
1/2-1/2

[Event "Winter of Istanbul"]
[Site "SchemingMind.com"]
[Date "2011.08.02"]
[Round "-"]
[White "otsenrechess"]
[Black "jtrochez1"]
[Result "1-0"]
[WhiteCountry "HUN"]
[BlackCountry "HON"]
[WhiteElo "2318"]
[WhiteRD "63"]
[BlackElo "1619"]
[BlackRD "51"]
[GameID "290018"]

1. e4 e5 2. Nf3 Nc6 3. Bb5 d6 4. Bxc6+ bxc6 5. d4 exd4 6. Nxd4 Bd7 7. Nc3 Qf6 8. O-O Nh6 9. Qd3 Be7 10. Qc4 O-O
11. Nxc6 Be6 12. Nd5 Bxd5 13. Qxd5 Rfe8 14. Bxh6 gxh6 15. c3 Kh8 16. Nd4 Rg8 17. g3 Qg5 18. Qxf7 Raf8 19. Qd5 Qxd5 20. exd5 a6
21. Rae1 Bd8 22. Ne6 Re8 23. Nxd8 Rxe1 24. Rxe1 Rxd8 25. Re4 Kg8 26. Rc4 Rc8 27. Rc6 a5 28. Ra6 Rb8 29. b3 Rb5 30. c4 Rc5
31. Kf1 Kf7 32. Ke2 h5 33. Kd3 Kf6 34. Kc3 Ke5 35. a3
1-0

[Event "Winter of Istanbul"]
[Site "SchemingMind.com"]
[Date "2011.08.04"]
[Round "-"]
[White "cnbcad"]
[Black "jtrochez1"]
[Result "0-1"]
[WhiteCountry "USA"]
[BlackCountry "HON"]
[WhiteElo "1708"]
[WhiteRD "76"]
[BlackElo "1592"]
[BlackRD "49"]
[GameID "290140"]

1. Nf3 g6 2. g3 Bg7 3. Bg2 Nc6 4. c4 e5 5. e4 Nge7 6. Nc3 O-O 7. O-O a6 8. d3 d6 9. Bg5 Qe8 10. a3 Be6
11. Nd5 Bxd5 12. cxd5 Nd4 13. b4 c6 14. Nxd4 exd4 15. dxc6 Nxc6 16. Re1 Rb8 17. Bf4 Ne5 18. Bxe5= dxe5 19. Rb1 b5 20. Rc1 Rc8
21. Bh3 Rxc1 22. Qxc1 f5 23. exf5 gxf5 24. Qg5 Qg6 25. Qe7 Re8 26. Qd7 Rf8 27. f4 Rf7 28. Qc8+ Bf8 29. Rxe5 Qh5 30. Bxf5 Qd1+
31. Kg2 Qd2+ 32. Kh3 Kg7 33. Qd8 Rf6 34. Qxd4 Rh6+ 35. Kg4 Qd1+
0-1

[Event "Winter of Istanbul"]
[Site "SchemingMind.com"]
[Date "2011.08.07"]
[Round "-"]
[White "cnbcad"]
[Black "Orhany24"]
[Result "0-1"]
[WhiteCountry "USA"]
[BlackCountry "TUR"]
[WhiteElo "1447"]
[WhiteRD "60"]
[BlackElo "1696"]
[BlackRD "64"]
[GameID "290141"]

1. Nf3 f5 2. d4 Nf6 3. g3 g6 4. Bg2 Bg7 5. Bg5 O-O 6. O-O Ne4 7. h4 Nxg5 8. Nxg5 d5 9. Nc3 c6 10. Na4 b6
11. Nc3 h6 12. Nf3 Nd7 13. e3 e5 14. Re1 e4 15. Nh2 Nf6 16. f3 Nh5 17. Nf1 Qc7 18. Ne2 Be6 19. b4 Rae8 20. f4 Nf6
21. Bh3 Bc8 22. c3 Nh7 23. a4 g5
0-1

[Event "Winter of Istanbul"]
[Site "SchemingMind.com"]
[Date "2011.08.04"]
[Round "-"]
[White "cnbcad"]
[Black "Olli Ylönen"]
[Result "1-0"]
[WhiteCountry "USA"]
[BlackCountry "FIN"]
[WhiteElo "1543"]
[WhiteRD "96"]
[BlackElo "1692"]
[BlackRD "51"]
[GameID "290142"]

1. e4 e5 2. Nf3 Nc6 3. Bc4 Bc5 4. O-O Nf6 5. d4 Bxd4 6. c3 Bb6 7. Ng5 O-O 8. Be3 Bxe3 9. fxe3 d5 10. exd5 Nxd5
11. Nxf7 Rxf7 12. Bxd5 Kh8 13. Rxf7 Bd7 14. Nd2 Qg5 15. Qf3 Qd8 16. Rf1
1-0

[Event "Winter of Istanbul"]
[Site "SchemingMind.com"]
[Date "2011.08.04"]
[Round "-"]
[White "cnbcad"]
[Black "otsenrechess"]
[Result "0-1"]
[WhiteCountry "USA"]
[BlackCountry "HUN"]
[WhiteElo "1447"]
[WhiteRD "60"]
[BlackElo "2136"]
[BlackRD "49"]
[GameID "290143"]

1. e4 e5 2. Nf3 Nc6 3. Bc4 Nf6 4. d4 exd4 5. Nxd4 Nxe4 6. Nxc6 bxc6 7. Qe2 Qe7 8. O-O d5 9. Bd3 Nc5 10. Qxe7+ Bxe7
11. Re1 Nxd3 12. cxd3 Bf5 13. d4 Kd7 14. Nc3 Rab8 15. Re5 Be6 16. Bf4 Rxb2 17. Na4 Rb4 18. Nc5+ Bxc5 19. dxc5 Rxf4 20. Re3 Rb8
21. Rg3 Rb2
0-1

[Event "Winter of Istanbul"]
[Site "SchemingMind.com"]
[Date "2011.08.04"]
[Round "-"]
[White "jtrochez1"]
[Black "cnbcad"]
[Result "1-0"]
[WhiteCountry "HON"]
[BlackCountry "USA"]
[WhiteElo "1625"]
[WhiteRD "51"]
[BlackElo "1447"]
[BlackRD "60"]
[GameID "290144"]

1. e4 c5 2. Nf3 g6 3. Bc4 Bg7 4. O-O a6 5. d4 cxd4 6. Nxd4 e6 7. c3 d6 8. a4 d5 9. exd5 Nf6 10. dxe6 O-O
11. exf7+ Kh8 12. h3 Bd7 13. Bg5 Qc7 14. Ne6 Bxe6 15. Bxe6 Nc6 16. b4 Nd8 17. Qb3 Nxf7 18. Be3 Nd8 19. Bd5 Nxd5 20. Qxd5 Nc6
21. Nd2 Rad8 22. Qb3 Ne5 23. a5 Nd3 24. Nb1 Rde8 25. Bb6 Qf4 26. Qc2 Be5 27. g3 Qf3 28. Nd2 Qe2 29. Qd1 Qxd1 30. Raxd1 Bxc3
31. Bc5 Nxc5 32. bxc5 Bxa5 33. Nc4 Bb4 34. Nd6 Re2 35. Nxb7 Rc2 36. Rd7 Bxc5 37. Nxc5 Rxc5 38. Rb1 Rh5 39. Kg2 Ra8 40. Rbb7 a5
41. g4 Rh4 42. Kg3 g5 43. f4 Rh6 44. fxg5 Rg6 45. h4 a4 46. Rxh7+ Kg8 47. Ra7 Ra6 48. Rag7+ Kf8 49. Rf7+ Ke8 50. h5
1-0

[Event "Winter of Istanbul"]
[Site "SchemingMind.com"]
[Date "2011.08.07"]
[Round "-"]
[White "Orhany24"]
[Black "cnbcad"]
[Result "1-0"]
[WhiteCountry "TUR"]
[BlackCountry "USA"]
[WhiteElo "1696"]
[WhiteRD "64"]
[BlackElo "1447"]
[BlackRD "60"]
[GameID "290145"]

1. e4 c5 2. Nf3 g6 3. d4 cxd4 4. Qxd4 Nf6 5. e5 Nc6 6. Qd1 Nh5 7. Bc4 Bg7 8. O-O O-O 9. Re1 Qa5 10. g4 Nxe5
11. Nxe5 Bxe5 12. gxh5 Qc5 13. Bd3 Bd4 14. Qf3 b6 15. c3 Bg7 16. Qxa8 Ba6 17. Qxf8+ Bxf8 18. Bxa6 Qxh5 19. Be2 Qh3 20. Be3 f6
21. Nd2 e6 22. Rad1
1-0

[Event "Winter of Istanbul"]
[Site "SchemingMind.com"]
[Date "2011.08.04"]
[Round "-"]
[White "Olli Ylönen"]
[Black "cnbcad"]
[Result "1/2-1/2"]
[WhiteCountry "FIN"]
[BlackCountry "USA"]
[WhiteElo "1692"]
[WhiteRD "51"]
[BlackElo "1543"]
[BlackRD "96"]
[GameID "290146"]

1. e4 c5 2. c3 g6 3. d4 cxd4 4. cxd4 Bg7 5. Nc3 e6 6. Nf3 Ne7 7. Be2 O-O 8. O-O d5 9. exd5 Nxd5 10. Nxd5 Qxd5
11. b3 Nc6 12. Bb2 b6 13. Bc4 Qd8 14. Ne5 Nxe5 15. dxe5 Bb7 16. Qxd8 Raxd8 17. f4 Rd2 18. Rf2 Rdd8=
1/2-1/2

[Event "Winter of Istanbul"]
[Site "SchemingMind.com"]
[Date "2011.08.04"]
[Round "-"]
[White "otsenrechess"]
[Black "cnbcad"]
[Result "1-0"]
[WhiteCountry "HUN"]
[BlackCountry "USA"]
[WhiteElo "2301"]
[WhiteRD "51"]
[BlackElo "1690"]
[BlackRD "68"]
[GameID "290147"]

1. d4 d5 2. c4 c6 3. Nc3 Bf5 4. cxd5 cxd5 5. Qb3 e6 6. Qxb7 Nd7 7. Bf4 Ngf6 8. Rc1 Be7 9. e3 O-O 10. Nf3 Nb6
11. Ne5 Nfd7 12. Nc6 Qe8 13. Nb5 Bf6 14. Nd6 Rb8 15. Qa6 Nc5 16. Rxc5
1-0

[Event "Winter of Istanbul"]
[Site "SchemingMind.com"]
[Date "2011.08.09"]
[Round "-"]
[White "emvarela"]
[Black "cnbcad"]
[Result "1-0"]
[WhiteCountry "ARG"]
[BlackCountry "USA"]
[WhiteElo "1774"]
[WhiteRD "47"]
[BlackElo "1522"]
[BlackRD "58"]
[GameID "290165"]

1. e4 c5 2. Nf3 g6 3. d4 cxd4 4. Nxd4 Nc6 5. c4 Bg7 6. Be3 Nf6 7. Nc3 Ng4 8. Qxg4 Nxd4 9. Qd1 Ne6 10. Rc1 O-O
11. Be2 b6 12. O-O Bb7 13. f3 a6 14. Na4 Nc5 15. Nxc5
1-0

[Event "Winter of Istanbul"]
[Site "SchemingMind.com"]
[Date "2011.08.09"]
[Round "-"]
[White "emvarela"]
[Black "jtrochez1"]
[Result "1-0"]
[WhiteCountry "ARG"]
[BlackCountry "HON"]
[WhiteElo "1774"]
[WhiteRD "47"]
[BlackElo "1606"]
[BlackRD "54"]
[GameID "290166"]

1. d4 d5 2. c4 e6 3. Nc3 c6 4. e3 Nf6 5. Nf3 Nbd7 6. Bd3 h6 7. O-O Be7 8. c5 b5 9. b4 Ng8 10. a4 Bf6
11. axb5 Bb7 12. bxc6 Bxc6 13. b5 Ne7 14. bxc6 Nb8 15. Nb5 Nbxc6 16. Nd6+ Kf8 17. Bb5 Qc7 18. Bxc6 Qxc6 19. Qa4 Qxa4 20. Rxa4 g5
21. e4 dxe4 22. Nxe4 Kg7 23. Nxf6 Kxf6 24. Bb2 Nd5 25. Ne5 a6 26. Rfa1 Rhd8 27. Rxa6 Rxa6 28. Rxa6 Nc7 29. Ra7 Rc8 30. Nd7+ Kg6
31. Nb6
1-0

[Event "Winter of Istanbul"]
[Site "SchemingMind.com"]
[Date "2011.08.09"]
[Round "-"]
[White "emvarela"]
[Black "Orhany24"]
[Result "1-0"]
[WhiteCountry "ARG"]
[BlackCountry "TUR"]
[WhiteElo "1774"]
[WhiteRD "47"]
[BlackElo "1715"]
[BlackRD "61"]
[GameID "290167"]

1. e4 e5 2. Nf3 Nc6 3. d4 exd4 4. c3 d5 5. exd5 Qxd5 6. cxd4 Bb4+ 7. Nc3 Bg4 8. Be2 O-O-O 9. a3 Bxc3+ 10. bxc3 Nf6
11. O-O h5 12. h3 Kb8 13. hxg4 hxg4 14. Ng5 Ne4 15. Bxg4 f5 16. Nxe4 Qxe4 17. f3 Qe7 18. Bh3 Qh4 19. Qe1 Qh5 20. Bf4 g5
21. Be5 Nxe5 22. Qxe5 Rdf8 23. Qg3 b6 24. Rae1
1-0

[Event "Winter of Istanbul"]
[Site "SchemingMind.com"]
[Date "2011.08.09"]
[Round "-"]
[White "emvarela"]
[Black "Olli Ylönen"]
[Result "1/2-1/2"]
[WhiteCountry "ARG"]
[BlackCountry "FIN"]
[WhiteElo "1787"]
[WhiteRD "47"]
[BlackElo "1768"]
[BlackRD "52"]
[GameID "290168"]

1. e4 c6 2. d4 d5 3. Nc3 dxe4 4. Nxe4 Bf5 5. Ng3 Bg6 6. h4 h6 7. h5 Bh7 8. Nf3 Nd7 9. Bd3 Bxd3 10. Qxd3 e6
11. Bf4 Qa5+ 12. Bd2 Qc7 13. O-O-O Ngf6 14. Ne4 O-O-O 15. g3 Nxe4 16. Qxe4 Nf6 17. Qe2 Bd6 18. Ne5 Bxe5 19. dxe5 Nd5 20. f4 Qb6
21. Rhe1 a5 22. Be3 Nxe3 23. Rxd8+ Rxd8 24. Qxe3 Qxe3+ 25. Rxe3 Rd7 26. Rd3 Rxd3 27. cxd3 c5 28. Kc2 Kd7 29. Kc3 b5 30. b3 Kc6
31. d4 Kd5 32. dxc5 Kxc5 33. a3 Kd5=
1/2-1/2

[Event "Winter of Istanbul"]
[Site "SchemingMind.com"]
[Date "2011.08.09"]
[Round "-"]
[White "emvarela"]
[Black "otsenrechess"]
[Result "1-0"]
[WhiteCountry "ARG"]
[BlackCountry "HUN"]
[WhiteElo "1774"]
[WhiteRD "47"]
[BlackElo "2147"]
[BlackRD "45"]
[GameID "290169"]

1. e4 g6 2. d4 Bg7 3. Nc3 c5 4. Nf3 cxd4 5. Nxd4 Nc6 6. Be3 Nf6 7. Nxc6 bxc6 8. e5 Ng8 9. f4 f6 10. Bd4 Qa5
11. exf6 Nxf6 12. Bxf6 Bxf6 13. Qd2 d5 14. Nd1 Qxd2+ 15. Kxd2 O-O 16. c3 g5 17. fxg5 Bxg5+ 18. Kc2 e5 19. Be2 Bf5+ 20. Kb3 Be4
21. Rg1 Rf7 22. Rf1 Rxf1 23. Bxf1 Rf8 24. Ba6 Bxg2 25. Ka3 Bf1 26. Bxf1
1-0

[Event "Winter of Istanbul"]
[Site "SchemingMind.com"]
[Date "2011.08.09"]
[Round "-"]
[White "cnbcad"]
[Black "emvarela"]
[Result "0-1"]
[WhiteCountry "USA"]
[BlackCountry "ARG"]
[WhiteElo "1522"]
[WhiteRD "58"]
[BlackElo "1774"]
[BlackRD "47"]
[GameID "290170"]

1. Nf3 d5 2. d4 Nf6 3. g3 e6 4. Bg2 c5 5. O-O cxd4 6. Nxd4 Nc6 7. c3 Nxd4 8. cxd4 Qb6 9. Nc3 Be7 10. Na4 Qa5
11. Bd2 Bb4 12. Bxb4 Qxb4 13. b3 Bd7 14. Nc5 b6 15. Nd3 Qxd4 16. e3 Qc3 17. Rc1 Qa5
0-1

[Event "Winter of Istanbul"]
[Site "SchemingMind.com"]
[Date "2011.08.09"]
[Round "-"]
[White "jtrochez1"]
[Black "emvarela"]
[Result "0-1"]
[WhiteCountry "HON"]
[BlackCountry "ARG"]
[WhiteElo "1625"]
[WhiteRD "51"]
[BlackElo "1787"]
[BlackRD "47"]
[GameID "290171"]

1. e4 e5 2. Nf3 Nc6 3. Bb5 a6 4. Be2 Nf6 5. d3 h6 6. Nc3 Bc5 7. h3 d6 8. a3 b5 9. b4 Bd4 10. Nxd4 Nxd4
11. Bf3 Be6 12. Be3 O-O 13. Ne2 Nxf3+ 14. gxf3 d5 15. Ng3 d4 16. Bd2 Qd6 17. O-O Bxh3 18. Re1 Nh7 19. Kh2 Be6 20. Rg1 g5
21. Nh5 f5 22. Qe2 f4 23. Qf1 Qd7 24. c4 Qf7 25. Ng3 fxg3+ 26. Rxg3 Qh5+ 27. Kg2 g4 28. Qe2 Ng5 29. f4 exf4 30. Bxf4 Rxf4
31. Rh1 Qg6 32. Qb2 Rd8 33. Kf1 bxc4 34. Qe2 cxd3 35. Qxd3 Nxe4 36. Rg2 Rf3 37. Qd1 Bc4+ 38. Kg1 Rxf2 39. Rxg4 Rf1+ 40. Qxf1 Qxg4+
41. Qg2 Qxg2+
0-1

[Event "Winter of Istanbul"]
[Site "SchemingMind.com"]
[Date "2011.08.09"]
[Round "-"]
[White "Orhany24"]
[Black "emvarela"]
[Result "0-1"]
[WhiteCountry "TUR"]
[BlackCountry "ARG"]
[WhiteElo "1715"]
[WhiteRD "61"]
[BlackElo "1774"]
[BlackRD "47"]
[GameID "290172"]

1. d4 Nf6 2. c4 e6 3. a3 d5 4. Nc3 Be7 5. Nf3 O-O 6. Bg5 h6 7. Bh4 c5 8. e3 Nbd7 9. Be2 b6 10. O-O Bb7
11. Rb1 cxd4 12. exd4 dxc4 13. Bxc4 Nd5 14. Bg3 Nxc3 15. bxc3 Bxf3 16. Qxf3 Rc8 17. Qe2 Nf6 18. a4 Bd6 19. Rbc1 Bxg3 20. hxg3 Qc7
21. Ba6 Rcd8 22. Rfd1 Nd5 23. Qb2 e5 24. dxe5 Qxe5 25. Rd4 Nc7 26. Bb7 Ne6 27. Re4 Qc7 28. Ba6 Nc5 29. Rc4 Qe5 30. Rd4 Nxa6
0-1

[Event "Winter of Istanbul"]
[Site "SchemingMind.com"]
[Date "2011.08.09"]
[Round "-"]
[White "Olli Ylönen"]
[Black "emvarela"]
[Result "1-0"]
[WhiteCountry "FIN"]
[BlackCountry "ARG"]
[WhiteElo "1778"]
[WhiteRD "48"]
[BlackElo "1774"]
[BlackRD "47"]
[GameID "290173"]

1. e4 e5 2. Nf3 Nc6 3. d4 exd4 4. Nxd4 Bc5 5. Be3 Qf6 6. c3 Nge7 7. Bc4 Ne5 8. Be2 Qg6 9. O-O d6 10. f3 Bh3
11. Rf2 O-O-O 12. Kh1 Bd7 13. b4 Bxd4 14. cxd4 N5c6 15. b5 Na5 16. a4 b6 17. d5 f5 18. Bd3 fxe4 19. fxe4 Rhf8 20. Rxf8 Rxf8
21. e5 Qg4 22. Qxg4 Bxg4 23. exd6 Nxd5 24. Bd4 Nb3 25. Bxg7 Rf7 26. Ra3 Nc1 27. Bc4 cxd6 28. h3 Rxg7 29. Bxd5 Ne2 30. hxg4 Kc7
31. Bf3
1-0

[Event "Winter of Istanbul"]
[Site "SchemingMind.com"]
[Date "2011.08.09"]
[Round "-"]
[White "otsenrechess"]
[Black "emvarela"]
[Result "1-0"]
[WhiteCountry "HUN"]
[BlackCountry "ARG"]
[WhiteElo "2147"]
[WhiteRD "45"]
[BlackElo "1774"]
[BlackRD "47"]
[GameID "290174"]

1. d4 Nf6 2. c4 e6 3. Nf3 Bb4+ 4. Bd2 Bxd2+ 5. Qxd2 d5 6. g3 O-O 7. Bg2 c6 8. O-O Nbd7 9. Qc2 dxc4 10. Qxc4 Qb6
11. Qc2 h6 12. Nbd2 Re8 13. e4 Qc7 14. Rac1 Nb6 15. Rfd1 Bd7 16. Nf1 a5 17. Ne3 Rad8 18. Ne5 Nc8 19. Nd3 g6 20. e5 Nh7
21. Qd2 Kg7 22. Ng4 g5 23. Nf4 f5 24. exf6+ Nxf6 25. Nxf6 Kxf6 26. Nh5+ Kg6 27. Qd3+
1-0

[Event "Winter of Istanbul"]
[Site "SchemingMind.com"]
[Date "2011.08.07"]
[Round "-"]
[White "e_safarz"]
[Black "cnbcad"]
[Result "1-0"]
[WhiteCountry "CAN"]
[BlackCountry "USA"]
[WhiteElo "2305"]
[WhiteRD "94"]
[BlackElo "1708"]
[BlackRD "76"]
[GameID "290251"]

1. e4 c5 2. Nf3 g6 3. d4 cxd4 4. Nxd4 Nc6 5. Be3 Bg7 6. Nc3 Nf6 7. Bc4 d6 8. f3 O-O 9. Qd2 Na5 10. Bb3 e5
11. Ndb5 Nxb3 12. axb3 a6 13. Nxd6 b5 14. Ndxb5 Bb7 15. Nd6 Bc6 16. O-O Qc7 17. Nc4 Bb5 18. Nb6 Rad8 19. Nbd5 Nxd5 20. Nxd5 Qb7
21. c4 Bc6 22. b4 f5 23. Ra5 fxe4 24. fxe4 Rxf1+ 25. Kxf1 Bxd5 26. cxd5 Rf8+ 27. Kg1 Qf7 28. Qe2 Qb7 29. Bc5 Rf4 30. Qxa6 Qf7
31. Qc8+ Bf8 32. Ra1 Kg7 33. d6 h5 34. d7 Bxc5+ 35. bxc5 Qb3 36. d8=Q Qxb2 37. Qh8+
1-0